Europejski Złoty But 22/23 - piłka nożna - Statystyki

Ogólne statystyki
  • Ten quiz został rozwiązany 1 383 razy
  • Średni wynik to 6 z 10
Statystyki odpowiedzi
Gole Państwo Liga Piłkarz % Poprawnych
36 Norwegia ENG Erling Haaland
99%
29 Francja FRA Kylian Mbappe
94%
30 Anglia ENG Harry Kane
93%
23 Polska ESP Robert Lewandowski
83%
24 Kanada FRA Jonathan David
60%
26 Nigeria ITA Victor Osimhen
57%
21 Argentyna ITA Lautaro Martinez
55%
27 Francja FRA Alexandre Lacazette
26%
21 Belgia FRA Lois Openda
20%
21 USA FRA Folarin Balogun
18%
Nie znaleziono quizów pasujących do podanych kryteriów
Rozkład punktacji
Procent ludzi z każdym wynikiem
Percentyl według liczby udzielonych odpowiedzi
Twoja historia wyników
Nie rozwiązałeś tego quizu